najludniejsze miasta Polski - Statystyki

Ogólne statystyki
  • Ten quiz został rozwiązany 50 razy
  • Średni wynik to 28 z 40
Statystyki odpowiedzi
Hint Odpowiedź % Poprawnych
2. Kraków
100%
1. Warszawa
100%
4. Wrocław
98%
6. Gdańsk
96%
5. Poznań
96%
11. Katowice
94%
3. Łódź
94%
9. Lublin
94%
10. Białystok
91%
12. Gdynia
91%
7. Szczecin
89%
8. Bydgoszcz
87%
27. Opole
87%
13. Częstochowa
79%
14. Radom
79%
18. Kielce
77%
20. Olsztyn
77%
16. Toruń
77%
29. Gorzów Wielkopolski
74%
15. Rzeszów
74%
24. Zielona Góra
74%
32. Płock
64%
17. Sosnowiec
62%
19. Gliwice
60%
21. Zabrze
60%
38. Kalisz
57%
35. Tarnów
57%
22. Bielsko-Biała
55%
30. Elbląg
55%
23. Bytom
53%
39. Legnica
53%
34. Włocławek
53%
37. Koszalin
51%
28. Tychy
51%
36. Chorzów
47%
26. Ruda Śląska
47%
33. Wałbrzych
47%
25. Rybnik
45%
31. Dąbrowa Górnicza
43%
40. Grudziądz
26%
Nie znaleziono quizów pasujących do podanych kryteriów
Rozkład punktacji
Procent ludzi z każdym wynikiem
Percentyl według liczby udzielonych odpowiedzi
Twoja historia wyników
Nie rozwiązałeś tego quizu